The path of constitutional law

Detalles Bibliográficos
Autor principal: Kelso, Charles D
Otros Autores: Kelso, R. Randall, 1955-
Formato: Desconocido
Lenguaje:inglés
Publicado: Lake Mary, FL. : Vandeplas Publishing, c2007
Materias:
Acceso en línea:Acceso restringido

MARC

LEADER 00000ny a22000003n 4500
005 20110524113322.0
008 100325s2007 flu 000 0 eng d
020 |a 9781600420206 
020 |a 9781600420214 
035 |a 2065 
040 |a MGSOL  |c MGSOL  |d vLex 
090 |c 199  |d 199 
100 1 |a Kelso, Charles D 
245 1 4 |a The path of constitutional law  |h [Recurso electrn̤ico]  |c by Charles D. Kelso, R. Randall Kelso 
256 |a Servicio en ln̕ea 
260 |a Lake Mary, FL. :  |b Vandeplas Publishing,  |c c2007 
300 |a E-treatise +  |e companion book (print & PDF) 
506 1 |a Contenido solo disponible en los productos indicados  |d vLex Global  |d vLex Global (Academic Edition, excluding Law Schools)  |d vLex Global (U.S. Academic Edition, Law Schools)  |d vLex Global (U.S. Academic Edition, excluding Law Schools)  |d vLex Global (Academic Edition, Law Schools) 
650 0 4 |a Derecho constitucional  |z Estados Unidos 
651 4 |a Amřica  |x Historia constitucional 
700 1 |a Kelso, R. Randall,  |d 1955- 
740 0 |a vLex Libros (Servicios en ln̕ea) 
856 4 0 |u http://vlex.com/source/2065  |z Acceso restringido 
942 |c BOOK 
999 0 |a Constitutional history  |z United States 
999 0 |a Constitutional law  |z United States